[Event "RUS-chT 31th"]
[Site "Sochi"]
[Date "2024.05.07"]
[Round "6.5"]
[White "Obgolts, Erik"]
[Black "Bardyk, Artem"]
[Result "1-0"]
[WhiteElo "2412"]
[BlackElo "2319"]
[PlyCount "61"]
[EventDate "2024.05.01"]
[EventType "team-tourn"]
[EventRounds "9"]
[EventCountry "RUS"]
[SourceTitle "CB20_2024"]
[SourceDate "2024.05.16"]
[SourceVersion "1"]
[SourceVersionDate "2024.05.16"]
[SourceQuality "1"]
[WhiteTeam "Novosibirsk GAU"]
[BlackTeam "Moscow Temus"]
[WhiteTeamCountry "RUS"]
[BlackTeamCountry "RUS"]

1. e4 e5 2. Nf3 Nc6 3. Bc4 Bc5 4. c3 Nf6 5. d3 d6 6. 0-0 h6 7. h3 a5 8. Re1 Ba7 9. Nbd2 g5 10. Nh2 g4 11. hxg4 h5 12. g5 Ng4 13. Nxg4 hxg4 14. Nf1 Qe7 15. Ng3 Bd7 16. Bd5 0-0-0 17. Bxc6 Bxc6 18. Qxg4+ Kb8 19. Nf5 Qe6 20. Be3 Bxe3 21. Rxe3 d5 22. exd5 Rxd5 23. Rae1 Bd7 24. Qe4 Rb5 25. Nd4 f5 26. Qxe5 Qxe5 27. Rxe5 Rxb2 28. Re7 Kc8 29. g6 Rb6 30. g7 Rg8 31. Rf7 1-0

[Event "RUS-chT 31th"]
[Site "Sochi"]
[Date "2024.05.06"]
[Round "5.30"]
[White "Bardyk, Artem"]
[Black "Pervakov, Sergey"]
[Result "1/2-1/2"]
[WhiteElo "2319"]
[BlackElo "2052"]
[PlyCount "210"]
[EventDate "2024.05.01"]
[EventType "team-tourn"]
[EventRounds "9"]
[EventCountry "RUS"]
[SourceTitle "CB20_2024"]
[SourceDate "2024.05.16"]
[SourceVersion "1"]
[SourceVersionDate "2024.05.16"]
[SourceQuality "1"]
[WhiteTeam "Moscow Temus"]
[BlackTeam "Kimmeriya"]
[WhiteTeamCountry "RUS"]
[BlackTeamCountry "RUS"]

1. Nf3 d5 2. g3 c5 3. Bg2 Nf6 4. 0-0 Nc6 5. d4 e6 6. b3 Be7 7. dxc5 Bxc5 8. Bb2 0-0 9. Nbd2 Re8 10. Ne5 Nxe5 11. Bxe5 Bd7 12. c4 Bc6 13. Rc1 Be7 14. cxd5 Nxd5 15. e3 Bf6 16. Nc4 Nb4 17. Qxd8 Rexd8 18. Bxf6 gxf6 19. Bxc6 Nxc6 20. Rfd1 Rac8 21. Nd6 Rc7 22. Ne4 Rxd1+ 23. Rxd1 Kg7 24. Nd6 Kg6 25. Rc1 Rd7 26. Nxb7 Ne5 27. Nc5 Rd2 28. a4 Ng4 29. Ne4 Rb2 30. h3 Ne5 31. Rc3 f5 32. Nd6 Nf3+ 33. Kg2 Nd2 34. Rc7 a5 35. g4 fxg4 36. hxg4 f6 37. Re7 Nxb3 38. Rxe6 Nc5 39. Re7 h5 40. gxh5+ Kxh5 41. Ra7 Nd3 42. Rxa5+ Kg6 43. Kf3 Rxf2+ 44. Ke4 Ne5 45. Ra8 Ra2 46. Kd5 Ng4 47. e4 Kg5 48. a5 Kf4 49. a6 Rd2+ 50. Ke6 Ra2 51. a7 Ra6 52. Kd5 Ne5 53. Nb5 Nc6 54. e5 Nxa7 55. exf6 Rxf6 56. Rxa7 Rf5+ 57. Kc4 Rf8 58. Nc3 Rd8 59. Re7 Kf5 60. Nd5 Ra8 61. Nb6 Ra1 62. Kc5 Ra5+ 63. Kd4 Ra1 64. Re5+ Kg6 65. Nd5 Ra4+ 66. Ke3 Ra1 67. Nf4+ Kf6 68. Rb5 Ra3+ 69. Ke4 Ra4+ 70. Kf3 Ra1 71. Nd5+ Ke6 72. Ke4 Ra4+ 73. Nb4 Kd6 74. Kf5 Ra1 75. Rd5+ Kc7 76. Ke5 Re1+ 77. Kd4 Rd1+ 78. Nd3 Ra1 79. Rh5 Rd1 80. Kc4 Rg1 81. Rh6 Rg4+ 82. Kd5 Rg5+ 83. Ne5 Kb7 84. Re6 Rh5 85. Kc5 Rh7 86. Kb5 Kc7 87. Rc6+ Kd8 88. Ra6 Rh1 89. Ra7 Rh5 90. Kc5 Rh1 91. Kd5 Rd1+ 92. Ke6 Re1 93. Rh7 Re2 94. Rg7 Re1 95. Kd6 Rd1+ 96. Kc5 Rc1+ 97. Nc4 Ke8 98. Ra7 Kf8 99. Kd5 Rd1+ 100. Ke6 Re1+ 101. Ne5 Re2 102. Rf7+ Ke8 103. Rf1 Kd8 104. Rc1 Re3 105. Kd6 Re2 1/2-1/2

[Event "Titled Tuesday intern op 30th Apr Early"]
[Site "Chess.com INT"]
[Date "2024.04.30"]
[Round "5"]
[White "Afanasieva, Alexandra"]
[Black "Bardyk, Artem"]
[Result "1-0"]
[WhiteElo "1914"]
[BlackElo "2238"]
[PlyCount "89"]
[EventDate "2024.04.30"]
[EventType "swiss (blitz)"]
[EventRounds "11"]
[EventCountry "USA"]
[SourceTitle "CB19_2024"]
[SourceDate "2024.05.08"]
[SourceVersion "1"]
[SourceVersionDate "2024.05.08"]
[SourceQuality "1"]

1. e4 c6 2. c4 d5 3. Nc3 d4 4. Nce2 e5 5. d3 f5 6. exf5 Bxf5 7. Ng3 Bg6 8. Be2 Nf6 9. Nf3 Bb4+ 10. Bd2 Bxd2+ 11. Nxd2 0-0 12. 0-0 a5 13. Re1 Na6 14. Bf1 Qd6 15. Nde4 Nxe4 16. Nxe4 Bxe4 17. Rxe4 Nc5 18. Re1 Rae8 19. Qd2 b6 20. g3 e4 21. dxe4 Nxe4 22. Qc2 Rxf2 23. Qxf2 Nxf2 24. Rxe8+ Kf7 25. Rae1 Ng4 26. Bd3 Ne3 27. Re4 g5 28. Re2 Kg7 29. a3 a4 30. Rf2 h6 31. Re8 c5 32. Ra8 Qd7 33. Rff8 Qc6 34. Rg8+ Kf7 35. Raf8+ Ke7 36. Rf2 b5 37. Rg7+ Kd6 38. Rg6+ Kc7 39. Rxc6+ Kxc6 40. cxb5+ Kd5 41. b6 Kc6 42. Rf6+ Kb7 43. Be4+ Ka6 44. b7+ Ka7 45. Rf8 1-0

[Event "Titled Tuesday intern op 30th Apr Early"]
[Site "Chess.com INT"]
[Date "2024.04.30"]
[Round "3"]
[White "Bardyk, Artem"]
[Black "Bambino Filho, Antonio Carlos"]
[Result "1-0"]
[WhiteElo "2238"]
[BlackElo "2169"]
[PlyCount "39"]
[EventDate "2024.04.30"]
[EventType "swiss (blitz)"]
[EventRounds "11"]
[EventCountry "USA"]
[SourceTitle "CB19_2024"]
[SourceDate "2024.05.08"]
[SourceVersion "1"]
[SourceVersionDate "2024.05.08"]
[SourceQuality "1"]

1. e4 e5 2. Nf3 Nc6 3. Nc3 Nf6 4. h3 Be7 5. d4 d6 6. dxe5 Nxe5 7. Bf4 Ng6 8. Bh2 0-0 9. Bc4 Bd7 10. 0-0 Bc6 11. Re1 Nd7 12. Nd4 Nde5 13. Bb3 Bh4 14. Nf5 Re8 15. Qh5 Nd7 16. Rad1 Bf6 17. Nd5 Nc5 18. Nxc7 Qxc7 19. Bxd6 Qb6 20. Bxc5 1-0

[Event "Titled Tuesday intern op 30th Apr Early"]
[Site "Chess.com INT"]
[Date "2024.04.30"]
[Round "4"]
[White "Bardyk, Artem"]
[Black "Paravyan, David"]
[Result "0-1"]
[WhiteElo "2238"]
[BlackElo "2606"]
[PlyCount "74"]
[EventDate "2024.04.30"]
[EventType "swiss (blitz)"]
[EventRounds "11"]
[EventCountry "USA"]
[SourceTitle "CB19_2024"]
[SourceDate "2024.05.08"]
[SourceVersion "1"]
[SourceVersionDate "2024.05.08"]
[SourceQuality "1"]

1. e4 e5 2. Nf3 Nf6 3. Nc3 Nc6 4. h3 d5 5. exd5 Nxd5 6. Bb5 Nxc3 7. bxc3 Bd6 8. 0-0 0-0 9. Re1 Bf5 10. d4 exd4 11. cxd4 Nb4 12. Re2 c6 13. Bc4 b5 14. Bb3 a5 15. a4 bxa4 16. Bxa4 c5 17. c3 Nd3 18. Bc2 Nxc1 19. Qxc1 Bxc2 20. Rxc2 cxd4 21. cxd4 a4 22. Ne5 Bxe5 23. dxe5 Qd4 24. Qb2 Qxb2 25. Rxb2 Ra5 26. f4 a3 27. Rb3 a2 28. Rb2 Rfa8 29. Kf2 h6 30. Kf3 Ra3+ 31. Kg4 R8a4 32. g3 g5 33. Kh5 Rxg3 34. Kxh6 Ra6+ 35. Kh5 gxf4 36. Raxa2 Rag6 37. e6 Kg7 0-1

[Event "Titled Tuesday intern op 30th Apr Early"]
[Site "Chess.com INT"]
[Date "2024.04.30"]
[Round "6"]
[White "Bardyk, Artem"]
[Black "Yezhel, Valiantsin"]
[Result "1-0"]
[WhiteElo "2238"]
[BlackElo "2266"]
[PlyCount "63"]
[EventDate "2024.04.30"]
[EventType "swiss (blitz)"]
[EventRounds "11"]
[EventCountry "USA"]
[SourceTitle "CB19_2024"]
[SourceDate "2024.05.08"]
[SourceVersion "1"]
[SourceVersionDate "2024.05.08"]
[SourceQuality "1"]

1. e4 c5 2. Nf3 g6 3. c3 Bg7 4. d4 cxd4 5. cxd4 d5 6. e5 a6 7. h3 Nc6 8. Nc3 f6 9. Bd3 fxe5 10. dxe5 Nxe5 11. Nxe5 Bxe5 12. Nxd5 Nf6 13. Nxf6+ exf6 14. 0-0 0-0 15. Bh6 Re8 16. Bc4+ Be6 17. Qb3 Bxc4 18. Qxc4+ Kh8 19. Qf7 Rg8 20. Rad1 Qe8 21. Qxb7 Rb8 22. Qxa6 Rxb2 23. Rfe1 Qf7 24. a4 g5 25. a5 Qg6 26. Qe6 Bc3 27. Re3 Bxa5 28. Rf3 Qxh6 29. Rxf6 Qh4 30. Qe5 Bc7 31. Qxb2 Rg7 32. Rf8# 1-0

[Event "Titled Tuesday intern op 30th Apr Early"]
[Site "Chess.com INT"]
[Date "2024.04.30"]
[Round "7"]
[White "Daaevik, Wadhawan"]
[Black "Bardyk, Artem"]
[Result "1-0"]
[WhiteElo "2363"]
[BlackElo "2238"]
[PlyCount "67"]
[EventDate "2024.04.30"]
[EventType "swiss (blitz)"]
[EventRounds "11"]
[EventCountry "USA"]
[SourceTitle "CB19_2024"]
[SourceDate "2024.05.08"]
[SourceVersion "1"]
[SourceVersionDate "2024.05.08"]
[SourceQuality "1"]

1. d4 Nf6 2. c4 e6 3. Nf3 b6 4. Bf4 Bb7 5. e3 Bb4+ 6. Nfd2 0-0 7. a3 Bxd2+ 8. Nxd2 d6 9. Bd3 Nbd7 10. Qc2 e5 11. Bg5 h6 12. Bxf6 Qxf6 13. d5 Qg5 14. g3 f5 15. f4 Qf6 16. 0-0-0 a5 17. Rhf1 e4 18. Be2 Nc5 19. Nb3 Nxb3+ 20. Qxb3 a4 21. Qc2 Ra5 22. g4 fxg4 23. Bxg4 Rc5 24. Kb1 b5 25. Rd4 bxc4 26. Be6+ Kh8 27. Rg1 c3 28. bxc3 Rb8 29. Ka2 Ba6 30. Qxa4 Qh4 31. Rg2 Qe1 32. Rb4 Rxb4 33. Qe8+ Kh7 34. Qg8# 1-0

[Event "Titled Tuesday intern op 30th Apr Early"]
[Site "Chess.com INT"]
[Date "2024.04.30"]
[Round "11"]
[White "Llari, Marc"]
[Black "Bardyk, Artem"]
[Result "1-0"]
[WhiteElo "2182"]
[BlackElo "2238"]
[PlyCount "49"]
[EventDate "2024.04.30"]
[EventType "swiss (blitz)"]
[EventRounds "11"]
[EventCountry "USA"]
[SourceTitle "CB19_2024"]
[SourceDate "2024.05.08"]
[SourceVersion "1"]
[SourceVersionDate "2024.05.08"]
[SourceQuality "1"]

1. d4 Nf6 2. Nf3 e6 3. Bg5 Be7 4. Nbd2 b6 5. e4 h6 6. Bxf6 Bxf6 7. c3 Bb7 8. Bd3 d6 9. Qe2 a6 10. h4 Nd7 11. 0-0-0 Be7 12. Kb1 c5 13. e5 dxe5 14. dxe5 Qc7 15. Be4 0-0-0 16. Nc4 Kb8 17. Nd6 Bxd6 18. Rxd6 Bxe4+ 19. Qxe4 Qb7 20. Qd3 Kc8 21. Rd1 Qc7 22. Qxa6+ Kb8 23. Qb5 Nxe5 24. Rxb6+ Kc8 25. Qa6+ 1-0

[Event "Titled Tuesday intern op 23rd Apr Late"]
[Site "Chess.com INT"]
[Date "2024.04.23"]
[Round "1"]
[White "Kotyk, Michael"]
[Black "Bardyk, Artem"]
[Result "0-1"]
[WhiteElo "2125"]
[BlackElo "2238"]
[PlyCount "92"]
[EventDate "2024.04.23"]
[EventType "swiss (blitz)"]
[EventRounds "11"]
[EventCountry "USA"]
[SourceTitle "CB18_2024"]
[SourceDate "2024.05.01"]
[SourceVersion "1"]
[SourceVersionDate "2024.05.01"]
[SourceQuality "2"]

1. d4 d5 2. c4 e6 3. Nc3 Nf6 4. cxd5 exd5 5. Bg5 Be7 6. e3 h6 7. Bxf6 Bxf6 8. Bd3 0-0 9. h3 c6 10. Nf3 Be7 11. 0-0 Bd6 12. Ne5 Nd7 13. f4 Re8 14. Qh5 Qe7 15. Rae1 Nf6 16. Qh4 a6 17. g4 Nh7 18. Qh5 Nf8 19. h4 Qe6 20. Rf3 Bxe5 21. fxe5 Qxg4+ 22. Qxg4 Bxg4 23. Rg3 h5 24. Na4 f6 25. exf6 gxf6 26. Nc5 Re7 27. b4 Kf7 28. a4 Ne6 29. a5 Nxd4 30. Kf2 Ne6 31. Nb3 Rae8 32. Rgg1 f5 33. Nd4 Kf6 34. Rgf1 Nxd4 35. exd4 f4 36. Rxe7 Rxe7 37. Kg2 f3+ 38. Kg3 Re3 39. Bb1 Rb3 40. Re1 Rxb4 41. Bd3 Rxd4 42. Bf1 Ra4 43. Re8 Rxa5 44. Rf8+ Ke5 45. Rb8 b5 46. Rc8 Bxc8 0-1

[Event "Titled Tuesday intern op 16th Apr Early"]
[Site "Chess.com INT"]
[Date "2024.04.16"]
[Round "5"]
[White "Bardyk, Artem"]
[Black "Chyzy, Jakub"]
[Result "1-0"]
[WhiteElo "2238"]
[BlackElo "2314"]
[PlyCount "71"]
[EventDate "2024.04.16"]
[EventType "swiss (blitz)"]
[EventRounds "11"]
[EventCountry "USA"]
[SourceTitle "CB17_2024"]
[SourceDate "2024.04.24"]
[SourceVersion "1"]
[SourceVersionDate "2024.04.24"]
[SourceQuality "1"]

1. e4 e5 2. d4 exd4 3. Qxd4 Nc6 4. Qd3 Nf6 5. Nc3 h6 6. a3 Bc5 7. Be3 d6 8. Bxc5 dxc5 9. Qxd8+ Nxd8 10. 0-0-0 Bd7 11. f3 Ne6 12. Bc4 0-0-0 13. Nge2 g5 14. Ng3 h5 15. Nf5 Nf4 16. g3 Nh3 17. Rd2 Bxf5 18. Rxd8+ Rxd8 19. exf5 g4 20. fxg4 Nxg4 21. Bxf7 c6 22. Bxh5 Nhf2 23. Rf1 Rh8 24. Bxg4 Nxg4 25. h4 Rg8 26. Ne4 Nh2 27. Rf2 Ng4 28. Rf4 Ne5 29. f6 Kd8 30. f7 Rf8 31. Ng5 Ke7 32. h5 Rh8 33. Re4 Kf6 34. Rxe5 Kxe5 35. Nh7 Rxh7 36. f8Q 1-0

[Event "Titled Tuesday intern op 16th Apr Early"]
[Site "Chess.com INT"]
[Date "2024.04.16"]
[Round "11"]
[White "Bardyk, Artem"]
[Black "Golubev, Mikhail"]
[Result "1-0"]
[WhiteElo "2238"]
[BlackElo "2461"]
[PlyCount "141"]
[EventDate "2024.04.16"]
[EventType "swiss (blitz)"]
[EventRounds "11"]
[EventCountry "USA"]
[SourceTitle "CB17_2024"]
[SourceDate "2024.04.24"]
[SourceVersion "1"]
[SourceVersionDate "2024.04.24"]
[SourceQuality "1"]

1. e4 c5 2. c3 Nf6 3. e5 Nd5 4. Nf3 Nc6 5. Bc4 Nb6 6. Bb3 d6 7. exd6 c4 8. Bc2 Qxd6 9. 0-0 Bg4 10. h3 Bh5 11. b3 e5 12. Re1 Be7 13. Na3 cxb3 14. axb3 0-0 15. Nc4 Nxc4 16. bxc4 f5 17. d3 Rad8 18. Qe2 Kh8 19. Qe3 f4 20. Qe4 Bg6 21. Qe2 Bxd3 22. Bxd3 Qxd3 23. Qxd3 Rxd3 24. Nxe5 Nxe5 25. Rxe5 Rd1+ 26. Kh2 Bh4 27. Re2 Kg8 28. Bb2 Rxa1 29. Bxa1 f3 30. gxf3 Rxf3 31. Kg2 Rd3 32. Re8+ Kf7 33. Rb8 Rd7 34. Bb2 Be7 35. Bc1 Bc5 36. Kf3 b6 37. Ke2 a5 38. Ra8 Re7+ 39. Be3 Bxe3 40. fxe3 Re6 41. c5 bxc5 42. Rxa5 c4 43. Kf3 Rf6+ 44. Kg4 Rg6+ 45. Kf5 Rf6+ 46. Ke5 Rh6 47. Ra7+ Kg8 48. e4 Rxh3 49. Ke6 h6 50. e5 Rxc3 51. Ra8+ Kh7 52. Rc8 Rc1 53. Ke7 c3 54. e6 c2 55. Rc3 h5 56. Rc5 g6 57. Rc7 Kh6 58. Rc8 Kg5 59. Rc5+ Kg4 60. Rc4+ Kg5 61. Rc5+ Kh6 62. Rc8 h4 63. Rc3 g5 64. Ke8 Kh5 65. e7 g4 66. Rc5+ Kh6 67. Rc6+ Kh7 68. Rc4 Kh6 69. Rxg4 Re1 70. Rxh4+ Kg7 71. Rc4 1-0

[Event "Titled Tuesday intern op 16th Apr Late"]
[Site "Chess.com INT"]
[Date "2024.04.16"]
[Round "3"]
[White "Bardyk, Artem"]
[Black "Krsnik Cohar, Ivan Vihor"]
[Result "0-1"]
[WhiteElo "2238"]
[BlackElo "2331"]
[PlyCount "64"]
[EventDate "2024.04.16"]
[EventType "swiss (blitz)"]
[EventRounds "11"]
[EventCountry "USA"]
[SourceTitle "CB17_2024"]
[SourceDate "2024.04.24"]
[SourceVersion "1"]
[SourceVersionDate "2024.04.24"]
[SourceQuality "1"]

1. e4 c6 2. d4 d5 3. exd5 cxd5 4. Bd3 Nc6 5. c3 Qc7 6. Ne2 Bg4 7. 0-0 f6 8. f3 Bh5 9. Qe1 Bf7 10. Bf4 Qb6 11. Nd2 e5 12. Be3 Nge7 13. Qf2 Qc7 14. c4 dxc4 15. Bxc4 Bxc4 16. Nxc4 Nf5 17. d5 Nb4 18. Rfc1 Nd3 19. Nb6 Qd8 20. Nxa8 Nxf2 21. Nc7+ Kf7 22. Bxf2 Bd6 23. Ne6 Qa5 24. Rd1 Rc8 25. Nc3 Bb4 26. Ne4 Rc2 27. a3 Be7 28. b4 Qb5 29. h3 Nd6 30. Nxd6+ Bxd6 31. Bc5 Qe2 32. Nf4 exf4 0-1

[Event "Titled Tuesday intern op 16th Apr Early"]
[Site "Chess.com INT"]
[Date "2024.04.16"]
[Round "6"]
[White "Bardyk, Artem"]
[Black "Oparin, Grigoriy"]
[Result "0-1"]
[WhiteElo "2238"]
[BlackElo "2670"]
[PlyCount "66"]
[EventDate "2024.04.16"]
[EventType "swiss (blitz)"]
[EventRounds "11"]
[EventCountry "USA"]
[SourceTitle "CB17_2024"]
[SourceDate "2024.04.24"]
[SourceVersion "1"]
[SourceVersionDate "2024.04.24"]
[SourceQuality "1"]

1. e4 c6 2. d4 d5 3. exd5 cxd5 4. Bd3 Nc6 5. c3 Nf6 6. Nf3 Bg4 7. 0-0 e6 8. Bf4 Bd6 9. Bxd6 Qxd6 10. Nbd2 0-0 11. Qe1 Bf5 12. Bxf5 exf5 13. Qb1 Ne4 14. Re1 Rfe8 15. Nf1 Re7 16. Qd3 Rae8 17. Ne3 g6 18. Qb5 Nf6 19. h3 f4 20. Ng4 Ne4 21. Nge5 f6 22. Nxc6 bxc6 23. Qd3 g5 24. Nd2 Kg7 25. Nb3 h5 26. f3 Ng3 27. Kf2 Re3 28. Qd2 Qe7 29. Rac1 Re2+ 30. Rxe2 Qxe2+ 31. Qxe2 Rxe2+ 32. Kg1 Rxb2 33. c4 Ne2+ 0-1

[Event "Titled Tuesday intern op 16th Apr Late"]
[Site "Chess.com INT"]
[Date "2024.04.16"]
[Round "2"]
[White "Bardyk, Artem"]
[Black "Sethuraman, Sandeep"]
[Result "1-0"]
[WhiteElo "2238"]
[BlackElo "2381"]
[PlyCount "63"]
[EventDate "2024.04.16"]
[EventType "swiss (blitz)"]
[EventRounds "11"]
[EventCountry "USA"]
[SourceTitle "CB17_2024"]
[SourceDate "2024.04.24"]
[SourceVersion "1"]
[SourceVersionDate "2024.04.24"]
[SourceQuality "1"]

1. e4 d6 2. d4 g6 3. Nc3 Bg7 4. h4 Nf6 5. Be2 h5 6. Bg5 Nbd7 7. Nf3 e5 8. dxe5 dxe5 9. Nxe5 Nxe5 10. Qxd8+ Kxd8 11. Nd5 c6 12. Nxf6 Kc7 13. f4 Nd7 14. e5 Bxf6 15. exf6 Nc5 16. f5 Bxf5 17. Bf4+ Kc8 18. 0-0-0 Ne6 19. Bd6 Rd8 20. Rhf1 Be4 21. g4 hxg4 22. Bxg4 Bd5 23. Be7 Rh8 24. Rxd5 cxd5 25. Bxe6+ fxe6 26. f7 Kd7 27. f8Q Raxf8 28. Rxf8 Rh7 29. Bg5 e5 30. Rf6 Rg7 31. Kd2 Rg8 32. Kd3 1-0

[Event "Titled Tuesday intern op 16th Apr Early"]
[Site "Chess.com INT"]
[Date "2024.04.16"]
[Round "1"]
[White "Bardyk, Artem"]
[Black "Xie, Bryan"]
[Result "1-0"]
[WhiteElo "2238"]
[BlackElo "2275"]
[PlyCount "101"]
[EventDate "2024.04.16"]
[EventType "swiss (blitz)"]
[EventRounds "11"]
[EventCountry "USA"]
[SourceTitle "CB17_2024"]
[SourceDate "2024.04.24"]
[SourceVersion "1"]
[SourceVersionDate "2024.04.24"]
[SourceQuality "1"]

1. e4 c5 2. Nf3 e6 3. c3 Nf6 4. e5 Nd5 5. Bc4 d6 6. exd6 Bxd6 7. d4 0-0 8. 0-0 cxd4 9. cxd4 Bd7 10. Re1 Bc6 11. Bg5 Qc7 12. Nbd2 Nd7 13. Ne4 Bf4 14. Bh4 Rac8 15. Bg3 Bxg3 16. hxg3 Rfd8 17. Rc1 Qb8 18. Qd2 N7f6 19. Nc5 b6 20. Nd3 Bb7 21. Nde5 Rc7 22. Bd3 Rdc8 23. a3 g6 24. Rxc7 Qxc7 25. Qh6 Qe7 26. Ng5 Rf8 27. Ng4 Rc8 28. Be4 Rc7 29. Bf3 Qf8 30. Qh4 h5 31. Ne5 Qg7 32. g4 hxg4 33. Bxg4 Nxg4 34. Nxg4 Nf6 35. Nxf6+ Qxf6 36. Qh7+ Kf8 37. Nxe6+ fxe6 38. Qxc7 Bd5 39. Qe5 Qe7 40. Qh8+ Kf7 41. Qh7+ Kf6 42. Qxe7+ Kxe7 43. f3 Kd6 44. Re5 Kc6 45. Kf2 Kb5 46. b3 a5 47. Re3 a4 48. bxa4+ Kxa4 49. Kg3 Bb3 50. Re5 Kxa3 51. Rb5 1-0

[Event "Titled Tuesday intern op 16th Apr Early"]
[Site "Chess.com INT"]
[Date "2024.04.16"]
[Round "4"]
[White "Domingo Nunez, Alejandro"]
[Black "Bardyk, Artem"]
[Result "0-1"]
[WhiteElo "2318"]
[BlackElo "2238"]
[PlyCount "92"]
[EventDate "2024.04.16"]
[EventType "swiss (blitz)"]
[EventRounds "11"]
[EventCountry "USA"]
[SourceTitle "CB17_2024"]
[SourceDate "2024.04.24"]
[SourceVersion "1"]
[SourceVersionDate "2024.04.24"]
[SourceQuality "1"]

1. Nf3 d5 2. g3 Nd7 3. d4 e6 4. Bg2 Ngf6 5. 0-0 c6 6. b3 Bd6 7. Bb2 Ne4 8. Nfd2 Nxd2 9. Nxd2 0-0 10. e4 b6 11. c4 Bb7 12. Re1 Rc8 13. Qe2 Re8 14. Rad1 Qc7 15. Qd3 Ba6 16. Qf3 Bb4 17. Bc3 Bxc3 18. Qxc3 dxc4 19. bxc4 e5 20. d5 cxd5 21. exd5 Bxc4 22. d6 Qc5 23. Bh3 Be6 24. Qxc5 Nxc5 25. Bxe6 Rxe6 26. Nc4 f6 27. f4 exf4 28. gxf4 Rd8 29. f5 Rxe1+ 30. Rxe1 b5 31. Na3 a6 32. Rc1 Ne4 33. d7 Rxd7 34. Rc8+ Kf7 35. Nc2 Nd6 36. Ra8 Nxf5 37. Nb4 Rd2 38. Rxa6 Nd4 39. h3 g5 40. Kf1 Nf3 41. Ra3 Ne5 42. Rb3 h5 43. Na6 g4 44. hxg4 hxg4 45. Nc5 Rxa2 46. Rxb5 g3 0-1

[Event "Titled Tuesday intern op 16th Apr Late"]
[Site "Chess.com INT"]
[Date "2024.04.16"]
[Round "4"]
[White "Zakirov, Musa"]
[Black "Bardyk, Artem"]
[Result "0-1"]
[WhiteElo "2203"]
[BlackElo "2238"]
[PlyCount "92"]
[EventDate "2024.04.16"]
[EventType "swiss (blitz)"]
[EventRounds "11"]
[EventCountry "USA"]
[SourceTitle "CB17_2024"]
[SourceDate "2024.04.24"]
[SourceVersion "1"]
[SourceVersionDate "2024.04.24"]
[SourceQuality "1"]

1. e4 d5 2. exd5 Qxd5 3. Nc3 Qe5+ 4. Be2 Bg4 5. d4 Bxe2 6. Ngxe2 Qa5 7. b4 Qxb4 8. 0-0 Nf6 9. Rb1 Qc4 10. Rxb7 e6 11. Bf4 Na6 12. Qd3 Qxd3 13. cxd3 Kd7 14. Rb3 Bb4 15. a3 Bxc3 16. Nxc3 Rab8 17. Rfb1 Rxb3 18. Rxb3 Rb8 19. Rxb8 Nxb8 20. Be5 Nc6 21. f4 Ne8 22. d5 exd5 23. Nxd5 Nxe5 24. fxe5 Ke6 25. Nb4 Kxe5 26. Nc6+ Kd5 27. Nxa7 Nd6 28. a4 Kc5 29. a5 Kb4 30. Nc6+ Kb5 31. Ne5 Kxa5 32. Kf2 Kb4 33. Ke3 Kc5 34. Nf3 Kd5 35. g4 f6 36. h4 c5 37. Ne1 Nf7 38. Ng2 g5 39. hxg5 fxg5 40. Ne1 Ne5 41. Nc2 Nxg4+ 42. Kf3 Ne5+ 43. Ke3 h5 44. Ne1 h4 45. Ng2 h3 46. Ne1 h2 0-1

[Event "Titled Tuesday intern op 02nd Apr Early"]
[Site "Chess.com INT"]
[Date "2024.04.02"]
[Round "5"]
[White "Bardyk, Artem"]
[Black "Antunez, Soler Luis"]
[Result "1-0"]
[WhiteElo "2238"]
[BlackElo "2200"]
[PlyCount "125"]
[EventDate "2024.04.02"]
[EventType "swiss (blitz)"]
[EventRounds "11"]
[EventCountry "USA"]
[SourceTitle "CB15_2024"]
[SourceDate "2024.04.10"]
[SourceVersion "1"]
[SourceVersionDate "2024.04.10"]
[SourceQuality "1"]

1. e4 e6 2. d4 d5 3. Nc3 Nf6 4. exd5 exd5 5. Bg5 Bb4 6. Nge2 0-0 7. a3 Be7 8. Qd2 c6 9. 0-0-0 b5 10. Ng3 a5 11. Nb1 b4 12. a4 b3 13. cxb3 Na6 14. Bxa6 Rxa6 15. Rhe1 h6 16. Bf4 Rb6 17. Qc2 Bb4 18. Nc3 Be6 19. f3 Qd7 20. Be5 Nh7 21. Re2 c5 22. dxc5 Bxc5 23. Kb1 Rc8 24. Nb5 d4 25. Qd2 Rxb5 26. axb5 Qxb5 27. Qd3 Qb4 28. Rc2 Ra8 29. Rdc1 Bf8 30. Rc4 Bxc4 31. Qxc4 Qd2 32. Nf5 Re8 33. Bxd4 a4 34. bxa4 Ng5 35. Bc3 Qxg2 36. Qg4 Qxf3 37. Qxf3 Nxf3 38. a5 Ra8 39. Kc2 g6 40. Ne3 Ng5 41. b4 Ne4 42. Kb3 Rb8 43. Nd5 f5 44. Ra1 Kf7 45. Bd2 Ke6 46. Nf4+ Kf6 47. Be1 g5 48. Nd5+ Ke5 49. Ne3 f4 50. Nc4+ Kd4 51. a6 Kd3 52. a7 Nc5+ 53. Kb2 Ra8 54. Nb6 Ne4 55. Nxa8 Bg7+ 56. Kb3 Bxa1 57. Nb6 Bd4 58. a8Q Bxb6 59. Qd5+ Bd4 60. Qc4+ Ke3 61. b5 f3 62. Kc2 Nc5 63. Bf2+ 1-0

[Event "Titled Tuesday intern op 02nd Apr Late"]
[Site "Chess.com INT"]
[Date "2024.04.02"]
[Round "5"]
[White "Bardyk, Artem"]
[Black "Golubev, Mikhail"]
[Result "0-1"]
[WhiteElo "2238"]
[BlackElo "2461"]
[PlyCount "74"]
[EventDate "2024.04.02"]
[EventType "swiss (blitz)"]
[EventRounds "11"]
[EventCountry "USA"]
[SourceTitle "CB15_2024"]
[SourceDate "2024.04.10"]
[SourceVersion "1"]
[SourceVersionDate "2024.04.10"]
[SourceQuality "1"]

1. e4 c5 2. Nf3 d6 3. Nc3 Nf6 4. e5 dxe5 5. Nxe5 a6 6. g3 Nbd7 7. d4 cxd4 8. Qxd4 Nxe5 9. Qxe5 e6 10. Bg2 Bd6 11. Qe2 Qc7 12. 0-0 0-0 13. Rd1 Bd7 14. Bg5 Bc6 15. Bxf6 gxf6 16. Bxc6 Qxc6 17. Rd4 Kh8 18. Rh4 Rg8 19. Ne4 Be7 20. Rh3 f5 21. Nc3 Bf6 22. Rd1 Bxc3 23. bxc3 Qxc3 24. Rd7 Rg7 25. Rxb7 Qa1+ 26. Kg2 Qxa2 27. Qe5 f6 28. Qd6 Rxb7 29. Qc6 Qd5+ 30. Qxd5 exd5 31. Rh4 a5 32. Ra4 Rb4 33. Ra1 a4 34. c3 Rb2 35. Kf3 a3 36. Ke3 a2 37. Rxa2 Raxa2 0-1

[Event "Titled Tuesday intern op 02nd Apr Early"]
[Site "Chess.com INT"]
[Date "2024.04.02"]
[Round "11"]
[White "Bardyk, Artem"]
[Black "Goroshkov, Maksym"]
[Result "0-1"]
[WhiteElo "2238"]
[BlackElo "2363"]
[PlyCount "76"]
[EventDate "2024.04.02"]
[EventType "swiss (blitz)"]
[EventRounds "11"]
[EventCountry "USA"]
[SourceTitle "CB15_2024"]
[SourceDate "2024.04.10"]
[SourceVersion "1"]
[SourceVersionDate "2024.04.10"]
[SourceQuality "1"]

1. e4 e5 2. d4 exd4 3. Qxd4 Nc6 4. Qd3 Nf6 5. Nc3 d6 6. Bg5 Be7 7. 0-0-0 0-0 8. f4 a6 9. Nf3 b5 10. Nd5 Nxd5 11. exd5 Nb8 12. Re1 Bf6 13. g3 Nd7 14. Nd4 Bxg5 15. Nc6 Qf6 16. fxg5 Qxg5+ 17. Kb1 Nc5 18. Qd4 Bb7 19. Bg2 Bxc6 20. dxc6 Rae8 21. a3 Re6 22. Bd5 Re5 23. Rxe5 Qxe5 24. Qxe5 dxe5 25. b4 Na4 26. Bb3 Nb6 27. Rd1 Re8 28. g4 e4 29. Kb2 e3 30. Kc3 Kf8 31. Re1 e2 32. Kd3 Nc8 33. Bd5 Rd8 34. c4 bxc4+ 35. Kxc4 Nb6+ 36. Kb3 Rxd5 37. Rxe2 Rd3+ 38. Kc2 Rd6 0-1